[Event "Open Nord 2010/2011"]
[Site "Meyreuil"]
[Date "2011.01.08"]
[Round "5"]
[White "Raymond, Xavier"]
[Black "Joubert, Leo"]
[Result "0-1"]
[WhiteElo "1550"]
[BlackElo "1769"]
[PlyCount "52"]
[EventDate "2011.??.??"]

1. e4 e5 2. Nf3 Nf6 3. Nc3 Nc6 4. Bc4 Bc5 5. O-O d6 6. d3 Bg4 7. Be3 Qe7 8. a3
O-O-O 9. b4 Bd4 10. Qd2 Bxc3 11. Qxc3 Bxf3 12. gxf3 d5 13. Bc5 Qd7 14. Bb3 Qh3
15. b5 Nd4 16. Bxd4 exd4 17. Qxd4 dxe4 18. Qe5 exf3 19. Qg3 Qf5 20. h3 h5 21.
Rae1 h4 22. Qh2 Nh5 23. Re5 Qg6+ 24. Kh1 Ng3+ 25. fxg3 hxg3 26. Bxf7 g2+ 0-1

[Event "Open Nord 2010/2011"]
[Site "Meyreuil"]
[Date "2011.01.08"]
[Round "5"]
[White "Montanelli, Tristan"]
[Black "Garcia, Robustiano"]
[Result "0-1"]
[WhiteElo "1645"]
[BlackElo "1650"]
[PlyCount "58"]
[EventDate "2011.??.??"]

1. Nf3 c5 2. c4 Nf6 3. Nc3 g6 4. d3 Bg7 5. e4 d6 6. Be2 O-O 7. O-O Nc6 8. h3
Bd7 9. Be3 a6 10. e5 dxe5 11. Bxc5 b6 12. Be3 e6 13. Bg5 h6 14. Bh4 Qc7 15. d4
exd4 16. Nxd4 Qf4 17. Nf3 Qc7 18. Qd2 Nh5 19. Ne4 Ne5 20. Be7 Nxf3+ 21. Bxf3
Bc6 22. Bxf8 Rxf8 23. Bxh5 Bxe4 24. Be2 Qc6 25. f3 Qc5+ 26. Kh1 Bc6 27. Rad1
Qe5 28. b3 Qg3 29. Rf2 Qxf2 0-1

[Event "Open Nord 2010/2011"]
[Site "Meyreuil"]
[Date "2011.01.08"]
[Round "5"]
[White "Arthaud, Geoffrey"]
[Black "Mengus, Michel"]
[Result "0-1"]
[WhiteElo "1499"]
[BlackElo "1730"]
[PlyCount "106"]
[EventDate "2011.??.??"]

1. d4 Nf6 2. Nf3 c5 3. d5 e6 4. Nc3 d6 5. e4 Be7 6. Be3 O-O 7. Be2 a6 8. h3 b5
9. dxe6 fxe6 10. e5 dxe5 11. Qxd8 Rxd8 12. Nxe5 Bb7 13. O-O Nbd7 14. f4 Nb6 15.
b4 Nbd5 16. Nxd5 Nxd5 17. Bxc5 Bxc5+ 18. bxc5 Rac8 19. c6 Bxc6 20. Nxc6 Rxc6
21. Bg4 Ne3 22. Rfe1 Nxg4 23. hxg4 Rxc2 24. Rxe6 Rdd2 25. Rae1 Rxg2+ 26. Kh1 h6
27. Rxa6 Rxg4 28. f5 Rf4 29. f6 Rxf6 30. Rxf6 gxf6 31. a3 Ra2 32. Rf1 Kf7 33.
Rf5 Rxa3 34. Rxb5 Rg3 35. Rb7+ Kg6 36. Rb8 Rg5 37. Rb6 h5 38. Rb8 Rg4 39. Kh2
Kg5 40. Kh3 f5 41. Rb5 Rf4 42. Rc5 Rf3+ 43. Kg2 Rf4 44. Kh3 Rg4 45. Rb5 h4 46.
Rb3 Re4 47. Rf3 f4 48. Rd3 Re3+ 49. Rxe3 fxe3 50. Kg2 Kf4 51. Kg1 Kf3 52. Kf1
e2+ 53. Ke1 h3 0-1

[Event "Open Nord 2010/2011"]
[Site "Meyreuil"]
[Date "2011.01.08"]
[Round "5"]
[White "Schiano-Lomoriello, Didier"]
[Black "Lucas, Jacques"]
[Result "1-0"]
[WhiteElo "1500"]
[BlackElo "1410"]
[PlyCount "53"]
[EventDate "2011.??.??"]

1. e4 d6 2. d4 Nf6 3. Nc3 Nc6 4. f4 e5 5. Nf3 Bg4 6. Bb5 a6 7. Bxc6+ bxc6 8.
fxe5 dxe5 9. dxe5 Qxd1+ 10. Kxd1 Rd8+ 11. Ke2 Nd7 12. Bf4 Be7 13. Rad1 O-O 14.
e6 Nf6 15. exf7+ Kxf7 16. Bxc7 Rd7 17. Rxd7 Nxd7 18. Rd1 Nf6 19. Bd6 Re8 20.
Bxe7 Rxe7 21. Ke3 h6 22. Rd6 Bc8 23. Rxc6 Bb7 24. Rc4 g5 25. h3 Nh5 26. Nd4 Kg7
27. Nf5+ 1-0

[Event "Open Nord 2010/2011"]
[Site "Meyreuil"]
[Date "2011.01.08"]
[Round "5"]
[White "Thiers, Jean-Jacques"]
[Black "Olive, Guillaume"]
[Result "1-0"]
[WhiteElo "1720"]
[BlackElo "1660"]
[PlyCount "87"]
[EventDate "2011.??.??"]

1. e4 e5 2. Nf3 Nc6 3. Bb5 d6 4. O-O Nf6 5. Re1 Bd7 6. c3 a6 7. Ba4 b5 8. Bc2
Be7 9. d3 O-O 10. h3 h6 11. Nbd2 Na5 12. Nf1 c5 13. b3 Nc6 14. Ng3 b4 15. Bb2
a5 16. Qd2 Qb6 17. Nh2 Be6 18. c4 Nd4 19. Bd1 Rfd8 20. f4 Qc6 21. f5 Bd7 22.
Nh5 Nxh5 23. Bxh5 Bg5 24. Qf2 a4 25. h4 Bf6 26. Ng4 axb3 27. Nxf6+ gxf6 28.
Bxd4 cxd4 29. axb3 Ra3 30. Rab1 Rda8 31. Qd2 Kh7 32. Bxf7 Ra2 33. Qxb4 R8a3 34.
Red1 Kg7 35. Bd5 Qa6 36. Qe1 Kf8 37. b4 Rc3 38. b5 Qa3 39. b6 Bc8 40. c5 Rb2
41. c6 Rcb3 42. Bxb3 Qxb3 43. Rxb2 Qxb2 44. Rb1 1-0

[Event "Open Nord 2010/2011"]
[Site "Meyreuil"]
[Date "2011.01.08"]
[Round "6"]
[White "Raymond, Xavier"]
[Black "Beraud, Robert"]
[Result "0-1"]
[WhiteElo "1550"]
[BlackElo "1750"]
[PlyCount "62"]
[EventDate "2011.??.??"]

1. e4 e5 2. Nf3 Nc6 3. Bc4 Nf6 4. d3 Be7 5. c3 O-O 6. Nbd2 d6 7. Bb3 Na5 8. Bc2
c5 9. Nf1 Re8 10. Ne3 h6 11. O-O Nc6 12. b3 d5 13. Bb2 d4 14. cxd4 cxd4 15. Nc4
Bf8 16. Qc1 Bg4 17. Ne1 Rc8 18. f4 b5 19. Nxe5 Nxe5 20. fxe5 Rxe5 21. Qf4 Bd6
22. Qf2 Bc5 23. h3 Bh5 24. g4 Bg6 25. Nf3 Nxe4 26. Qg2 Re8 27. Rae1 Qd6 28. Kh1
Ng3+ 29. Kg1 Nxf1 30. Qxf1 Qg3+ 31. Qg2 Rxe1+ 0-1

[Event "Open Nord 2010/2011"]
[Site "Meyreuil"]
[Date "2011.01.08"]
[Round "6"]
[White "Navarro, Bertrand"]
[Black "Garcia, Robustiano"]
[Result "1-0"]
[WhiteElo "1677"]
[BlackElo "1650"]
[PlyCount "38"]
[EventDate "2011.??.??"]

1. d4 Nf6 2. Bf4 g6 3. Nc3 d5 4. Qd2 Bg7 5. Nf3 O-O 6. Bh6 Bxh6 7. Qxh6 c5 8.
dxc5 Nbd7 9. O-O-O Qa5 10. e3 Qxc5 11. Ng5 Nb6 12. Rd4 Bf5 13. Rh4 Na4 14. Rxa4
a6 15. Rh4 b5 16. h3 b4 17. Nxh7 Nh5 18. g4 bxc3 19. gxf5 Qb4 1-0

[Event "Open Nord 2010/2011"]
[Site "Meyreuil"]
[Date "2011.01.08"]
[Round "6"]
[White "Lucas, Jacques"]
[Black "Montanelli, Tristan"]
[Result "0-1"]
[WhiteElo "1410"]
[BlackElo "1645"]
[PlyCount "94"]
[EventDate "2011.??.??"]

1. e4 e6 2. Nc3 c5 3. Bc4 Nc6 4. a3 Nf6 5. d3 Be7 6. Nf3 d5 7. exd5 exd5 8. Ba2
Bg4 9. h3 Bh5 10. Bf4 O-O 11. g4 Bg6 12. Qd2 d4 13. Ne2 Bd6 14. Nh4 Bxf4 15.
Nxf4 Kh8 16. Nhxg6+ hxg6 17. O-O-O Ne5 18. Qe2 Qc7 19. Nd5 Nxd5 20. Bxd5 Rfe8
21. Qf1 Rad8 22. Ba2 Nf3 23. Qg2 Qf4+ 24. Kb1 Nd2+ 25. Ka1 Re2 26. Qxb7 Rxf2
27. Qe7 Rb8 28. Bd5 Nf1 29. Kb1 Ne3 30. Bxf7 Qxf7 31. Qxf7 Rxf7 32. Rd2 Rbf8
33. Ka2 Rf2 34. Rxf2 Rxf2 35. Rc1 Rf3 36. b4 cxb4 37. axb4 Rxh3 38. c4 dxc3 39.
Rxc3 Nd5 40. Rb3 Rg3 41. Ka3 Rxg4 42. b5 Rd4 43. Kb2 g5 44. Kc2 g4 45. Kd2 g3
46. Ke2 Rf4 47. Rb1 Nc3+ 0-1

[Event "Open Nord 2010/2011"]
[Site "Meyreuil"]
[Date "2011.01.09"]
[Round "6"]
[White "Joubert, Leo"]
[Black "Schiano-Lomoriello, Didier"]
[Result "1/2-1/2"]
[WhiteElo "1769"]
[BlackElo "1500"]
[PlyCount "81"]
[EventDate "2011.??.??"]

1. d4 Nf6 2. c4 g6 3. Nc3 d5 4. Bf4 c6 5. e3 Bg7 6. Nf3 O-O 7. h3 Nbd7 8. Bd3
dxc4 9. Bxc4 Nb6 10. Bd3 Be6 11. O-O Bc4 12. Bxc4 Nxc4 13. b3 Nb6 14. Rc1 Rc8
15. Qe2 Nbd5 16. Be5 c5 17. Nxd5 Qxd5 18. Bxf6 Bxf6 19. e4 Qh5 20. e5 Bg5 21.
g4 Qh6 22. Nxg5 Qxg5 23. dxc5 Rfd8 24. f4 Qh6 25. Qe3 Rd5 26. g5 Qf8 27. Rfd1
Qd8 28. Rxd5 Qxd5 29. e6 fxe6 30. Qe5 Kf7 31. a3 Qxb3 32. Rc3 Qd1+ 33. Kf2 Qd2+
34. Kg3 Qd5 35. h4 Qxe5 36. fxe5 Ke8 37. Kf3 Kd7 38. Ke4 Kc6 39. Rf3 Rh8 40.
Rf7 Kd7 41. Rf3 1/2-1/2

[Event "Open Nord 2010/2011"]
[Site "Meyreuil"]
[Date "2011.01.08"]
[Round "6"]
[White "Olive, Guillaume"]
[Black "Arthaud, Geoffrey"]
[Result "0-1"]
[WhiteElo "1660"]
[BlackElo "1499"]
[PlyCount "72"]
[EventDate "2011.??.??"]

1. e4 c5 2. Nf3 g6 3. d4 cxd4 4. Nxd4 Nc6 5. Be3 Bg7 6. Bc4 Nf6 7. Nc3 O-O 8.
O-O Nxe4 9. Nxe4 d5 10. Nxc6 bxc6 11. Bxd5 cxd5 12. Nc3 d4 13. Nb5 dxe3 14.
fxe3 Ba6 15. a4 Qb6 16. Qd3 Rfd8 17. Qb3 e6 18. c4 Bb7 19. Rad1 a6 20. Qa3 axb5
21. Qe7 Qxe3+ 22. Kh1 Rxd1 23. Qxf7+ Kh8 24. Rxd1 Bxg2+ 25. Kxg2 Qe2+ 26. Qf2
Qxd1 27. axb5 Qg4+ 28. Qg3 Qxg3+ 29. Kxg3 Bxb2 30. Kf3 Rd8 31. b6 Bd4 32. b7
Rb8 33. Ke4 Bg1 34. Ke5 Rxb7 35. Kxe6 Bxh2 36. c5 Rb1 0-1

[Event "Open Nord 2010/2011"]
[Site "Meyreuil"]
[Date "2011.01.08"]
[Round "6"]
[White "Mengus, Michel"]
[Black "Blondelon, Claude"]
[Result "1-0"]
[WhiteElo "1730"]
[BlackElo "1500"]
[PlyCount "45"]
[EventDate "2011.??.??"]

1. e4 e6 2. d4 d5 3. Be3 Nf6 4. Nd2 dxe4 5. f3 Nd5 6. Qe2 Be7 7. fxe4 Nxe3 8.
Qxe3 Bg5 9. Qc3 Nc6 10. Ngf3 Bd7 11. Be2 Bh6 12. O-O O-O 13. Rad1 Ne7 14. Ne5
c6 15. Ndf3 Be8 16. g3 g6 17. Ng4 Bg7 18. Qd2 Qb6 19. c3 Rd8 20. Qc1 Bd7 21. e5
Nf5 22. Nf6+ Kh8 23. g4 1-0

[Event "Open Nord 2010/2011"]
[Site "Meyreuil"]
[Date "2011.02.12"]
[Round "7"]
[White "Navarro, Bertrand"]
[Black "Joubert, Leo"]
[Result "1/2-1/2"]
[WhiteElo "1677"]
[BlackElo "1769"]
[PlyCount "76"]
[EventDate "2011.??.??"]

1. e4 Nf6 2. e5 Nd5 3. d4 d6 4. c4 Nb6 5. exd6 exd6 6. Be3 Be7 7. Bd3 Nc6 8.
Nd2 d5 9. c5 Nd7 10. Ne2 Nb4 11. Bb1 Nf6 12. h3 c6 13. O-O O-O 14. a3 Na6 15.
b4 Nc7 16. Bd3 Be6 17. Qc2 Qd7 18. Nf4 g5 19. Nxe6 Nxe6 20. Bf5 h6 21. Nf3 Qc7
22. Rfe1 Ng7 23. Ne5 Nxf5 24. Qxf5 Qc8 25. Qxc8 Raxc8 26. h4 Ne4 27. f3 Ng3 28.
hxg5 Bxg5 29. Bxg5 hxg5 30. Ng4 f5 31. Kf2 fxg4 32. Kxg3 gxf3 33. gxf3 Rce8 34.
Rxe8 Rxe8 35. Kg4 Re3 36. a4 Kf7 37. b5 Ke7 38. Rh1 Kd7 1/2-1/2

[Event "Open Nord 2010/2011"]
[Site "Meyreuil"]
[Date "2011.02.12"]
[Round "7"]
[White "Montanelli, Tristan"]
[Black "Beraud, Robert"]
[Result "1-0"]
[WhiteElo "1645"]
[BlackElo "1750"]
[PlyCount "87"]
[EventDate "2011.??.??"]

1. Nf3 Nf6 2. d4 g6 3. Bg5 c5 4. e3 Qa5+ 5. c3 cxd4 6. Bxf6 exf6 7. Nxd4 a6 8.
Nd2 Bg7 9. Nc4 Qc7 10. a4 d5 11. Nd2 O-O 12. Bd3 Nd7 13. f4 Re8 14. Qf3 Nc5 15.
Bc2 f5 16. O-O Ne4 17. Rad1 Bd7 18. h4 b5 19. axb5 axb5 20. Nxe4 dxe4 21. Qe2
Reb8 22. Rd2 b4 23. c4 Bxd4 24. exd4 b3 25. Bb1 Ra4 26. Rc1 Bb5 27. Qe3 Rxc4
28. Rxc4 Qxc4 29. Qc3 Qxc3 30. bxc3 Bd3 31. Rb2 Rb5 32. Kf2 Kf8 33. Bxd3 exd3
34. Ke3 h6 35. Kxd3 g5 36. g3 Rb7 37. c4 Kg7 38. Kc3 Re7 39. Rxb3 gxf4 40. gxf4
Re4 41. c5 Rxf4 42. c6 Rf1 43. Kc4 f4 44. c7 1-0

[Event "Open Nord 2010/2011"]
[Site "Meyreuil"]
[Date "2011.02.12"]
[Round "7"]
[White "Garcia, Robustiano"]
[Black "Raymond, Xavier"]
[Result "0-1"]
[WhiteElo "1650"]
[BlackElo "1550"]
[PlyCount "64"]
[EventDate "2011.??.??"]

1. d4 d5 2. c4 dxc4 3. e4 Nc6 4. d5 Ne5 5. Bf4 Ng6 6. Be3 e5 7. Bxc4 Nf6 8. Nc3
Bd6 9. Nf3 O-O 10. O-O Ng4 11. Bg5 Be7 12. Bxe7 Qxe7 13. h3 Nh6 14. Rc1 Kh8 15.
Qd2 Nf4 16. Ne2 g5 17. Qc3 f6 18. Nxf4 gxf4 19. Bb3 Bd7 20. Qxc7 Rac8 21. Qxb7
Rb8 22. Qxa7 Qg7 23. Rc7 Ra8 24. Qc5 Rf7 25. d6 Bxh3 26. Nh4 Bxg2 27. Rxf7 Qg5
28. Rxh7+ Kxh7 29. Qc7+ Kh8 30. d7 Bxe4+ 31. Kh2 Qxh4+ 32. Kg1 Qh1# 0-1

[Event "Open Nord 2010/2011"]
[Site "Meyreuil"]
[Date "2011.02.12"]
[Round "7"]
[White "Schiano-Lomoriello, Didier"]
[Black "Thiers, Jean-Jacques"]
[Result "1/2-1/2"]
[WhiteElo "1500"]
[BlackElo "1720"]
[PlyCount "100"]
[EventDate "2011.??.??"]

1. e4 e5 2. Nf3 Nc6 3. Bb5 a6 4. Ba4 Nf6 5. O-O d6 6. c3 Be7 7. h3 Nxe4 8.
Bxc6+ bxc6 9. d4 exd4 10. Re1 d5 11. Nxd4 Qd6 12. Qe2 Be6 13. Nxe6 Qxe6 14. Bf4
Bd6 15. Bxd6 cxd6 16. Nd2 O-O 17. Nxe4 dxe4 18. Qxe4 Qxe4 19. Rxe4 Rfe8 20.
Rae1 Kf8 21. f4 Rxe4 22. Rxe4 Rb8 23. b3 Rb5 24. g4 Rd5 25. Kf2 f5 26. Re3 Kf7
27. c4 Rd4 28. Kf3 fxg4+ 29. hxg4 h6 30. Re4 Rd2 31. Re2 Rd1 32. Kg3 Rg1+ 33.
Kf3 Rf1+ 34. Kg3 Rd1 35. Kf3 Kf6 36. Kg3 Rd3+ 37. Kf2 g6 38. Re3 Rxe3 39. Kxe3
h5 40. b4 hxg4 41. a4 Kf5 42. b5 cxb5 43. cxb5 axb5 44. a5 b4 45. a6 b3 46. a7
b2 47. a8=Q b1=Q 48. Qd5+ Kf6 49. Qxd6+ Kf7 50. Qd7+ Kf6 1/2-1/2

[Event "Open Nord 2010/2011"]
[Site "Meyreuil"]
[Date "2011.02.12"]
[Round "7"]
[White "Arthaud, Geoffrey"]
[Black "Lucas, Jacques"]
[Result "0-1"]
[WhiteElo "1499"]
[BlackElo "1440"]
[PlyCount "56"]
[EventDate "2011.??.??"]

1. d4 Nf6 2. Nf3 g6 3. Nc3 Bg7 4. e4 d6 5. Be3 a6 6. Qd2 O-O 7. O-O-O Ng4 8.
Bg5 f6 9. Bh4 Bh6 10. Bg5 fxg5 11. h3 Nf6 12. Bc4+ Kh8 13. Nxg5 Kg7 14. f4 b5
15. Bb3 b4 16. Nd5 a5 17. e5 Nxd5 18. Bxd5 c6 19. Be6 Bxg5 20. fxg5 Bxe6 21.
Kb1 dxe5 22. Qe3 Qc7 23. Rhe1 Nd7 24. dxe5 Rf5 25. Qg3 Nxe5 26. Re2 Bd5 27.
Rde1 Raf8 28. Rxe5 Rxe5 0-1

[Event "Open Nord 2010/2011"]
[Site "Meyreuil"]
[Date "2011.02.12"]
[Round "7"]
[White "Blondelon, Claude"]
[Black "Olive, Guillaume"]
[Result "1/2-1/2"]
[WhiteElo "1500"]
[BlackElo "1660"]
[PlyCount "78"]
[EventDate "2011.??.??"]

1. d4 d5 2. c4 e6 3. e3 Nf6 4. Nf3 Bd6 5. Be2 O-O 6. Nc3 Nc6 7. a3 a5 8. c5 Be7
9. Bd2 b6 10. cxb6 cxb6 11. Qc2 h6 12. Rc1 Bb7 13. O-O Rc8 14. Qb1 Bd6 15. Nb5
e5 16. Nxd6 Qxd6 17. dxe5 Nxe5 18. Bc3 Neg4 19. Bxf6 Nxf6 20. Nd4 Ne4 21. Qd3
Qf6 22. Bf3 Ng5 23. Bg4 Rxc1 24. Rxc1 Ne6 25. Rc2 Re8 26. Kf1 Nc5 27. Qf5 Ne4
28. Qxf6 Nxf6 29. Bf3 Ne4 30. Ke1 g6 31. Rc7 Ba6 32. Nc6 Kf8 33. Nd4 Bc4 34.
Be2 Bxe2 35. Kxe2 Nc5 36. Rc6 Ne6 37. Kd3 Nc5+ 38. Ke2 Ne6 39. Kd3 Nc5+ 1/2-1/2

[Event "Open Nord 2010/2011"]
[Site "Meyreuil"]
[Date "2011.02.12"]
[Round "8"]
[White "Beraud, Robert"]
[Black "Joubert, Leo"]
[Result "1-0"]
[WhiteElo "1750"]
[BlackElo "1769"]
[PlyCount "61"]
[EventDate "2011.??.??"]

1. e4 Nf6 2. e5 Nd5 3. d4 d6 4. Nf3 Bg4 5. h3 Bh5 6. Bc4 c6 7. c3 dxe5 8. dxe5
e6 9. O-O Nd7 10. Re1 Qc7 11. Qe2 Bxf3 12. gxf3 g6 13. f4 Ne7 14. Nd2 Nf5 15.
Ne4 O-O-O 16. a4 Be7 17. a5 Nc5 18. Ng3 h5 19. b4 Nd7 20. Be3 Nxe3 21. Qxe3 a6
22. Ne4 Rdg8 23. Ng5 Bxg5 24. fxg5 h4 25. Rad1 Qd8 26. Rd6 Qe7 27. Red1 Rd8 28.
f4 Kc7 29. Bxa6 bxa6 30. Qa7+ Kc8 31. Rxc6# 1-0

[Event "Open Nord 2010/2011"]
[Site "Meyreuil"]
[Date "2011.02.12"]
[Round "8"]
[White "Lucas, Jacques"]
[Black "Navarro, Bertrand"]
[Result "0-1"]
[WhiteElo "1410"]
[BlackElo "1677"]
[PlyCount "40"]
[EventDate "2011.??.??"]

1. d4 g6 2. Nf3 Bg7 3. Bf4 b6 4. Qd2 Bb7 5. Nc3 d6 6. e4 Nd7 7. Bc4 h6 8. O-O-O
e6 9. d5 e5 10. Bg3 a6 11. h4 Ngf6 12. Nh2 b5 13. Be2 h5 14. f3 Bh6 15. f4 b4
16. Nb1 Nxe4 17. Qe3 Nxg3 18. Nd2 Bxf4 19. Qf3 Nxh1 20. Rxh1 Nf6 0-1

[Event "Open Nord 2010/2011"]
[Site "Meyreuil"]
[Date "2011.02.12"]
[Round "8"]
[White "Garcia, Robustiano"]
[Black "Blondelon, Claude"]
[Result "1-0"]
[WhiteElo "1650"]
[BlackElo "1500"]
[PlyCount "111"]
[EventDate "2011.??.??"]

1. d4 d5 2. c4 e6 3. Nc3 Nf6 4. Bg5 c6 5. e3 Be7 6. Nf3 Nbd7 7. Bd3 dxc4 8.
Bxc4 Nd5 9. Bxe7 Nxe7 10. O-O O-O 11. e4 Ng6 12. e5 c5 13. Re1 cxd4 14. Nb5 Nb6
15. Bd3 Nd5 16. Bxg6 fxg6 17. Nbxd4 Bd7 18. Qb3 b6 19. Rac1 Rc8 20. Rc2 Qe7 21.
Rec1 Rxc2 22. Rxc2 Rc8 23. Rxc8+ Bxc8 24. Qc4 Qc7 25. Qxc7 Nxc7 26. Nc6 Bb7 27.
Nxa7 h6 28. Nd4 Kf7 29. Nac6 Ke8 30. Nb4 Kd7 31. f4 Nd5 32. Nxd5 Bxd5 33. a3
Ke7 34. g3 Bc4 35. Kf2 Kd7 36. Ke3 Bd5 37. Kd3 Kc7 38. Kc3 Kd7 39. Kb4 Kc7 40.
a4 Kb7 41. Kb5 g5 42. fxg5 hxg5 43. a5 bxa5 44. Kxa5 g6 45. b4 g4 46. Kb5 Ba2
47. Kc5 Kc7 48. b5 Bd5 49. b6+ Kd7 50. Kb5 Kc8 51. Kc5 Kd7 52. Nb5 Ke7 53. Nd6
g5 54. b7 Bxb7 55. Nxb7 Kf7 56. Kd6 1-0

[Event "Open Nord 2010/2011"]
[Site "Meyreuil"]
[Date "2011.02.12"]
[Round "8"]
[White "Mengus, Michel"]
[Black "Raymond, Xavier"]
[Result "1-0"]
[WhiteElo "1730"]
[BlackElo "1550"]
[PlyCount "79"]
[EventDate "2011.??.??"]

1. e4 e5 2. f4 exf4 3. Be2 Be7 4. Nf3 Bh4+ 5. Kf1 Nh6 6. d4 d6 7. Bxf4 g5 8.
Bg3 Bxg3 9. hxg3 Ng4 10. Qd2 Qf6 11. Nc3 c6 12. Kg1 h6 13. Rf1 Qg7 14. Nd1 Na6
15. c3 Bd7 16. Ne3 Nf6 17. Bd3 O-O-O 18. Nf5 Bxf5 19. exf5 Nc7 20. Nh2 Rde8 21.
Kf2 Ne4+ 22. Bxe4 Rxe4 23. Re1 Rhe8 24. Rxe4 Rxe4 25. Re1 Rxe1 26. Qxe1 Qf6 27.
Qe4 d5 28. Qe5 Qxe5 29. dxe5 Nb5 30. Ng4 h5 31. Nf6 h4 32. g4 d4 33. cxd4 Nxd4
34. Nh7 Kd7 35. Nxg5 Ke7 36. Nf3 Nxf3 37. Kxf3 a5 38. g5 b5 39. Ke4 Kd7 40. Kd4
1-0

[Event "Open Nord 2010/2011"]
[Site "Meyreuil"]
[Date "2011.02.12"]
[Round "8"]
[White "Olive, Guillaume"]
[Black "Schiano-Lomoriello, Didier"]
[Result "0-1"]
[WhiteElo "1660"]
[BlackElo "1500"]
[PlyCount "86"]
[EventDate "2011.??.??"]

1. e4 c5 2. Nf3 d6 3. d4 cxd4 4. Nxd4 Nf6 5. Nc3 g6 6. Be2 Bg7 7. O-O O-O 8. f4
Nc6 9. Nf3 Bd7 10. a3 a6 11. Qd3 Rc8 12. f5 Ng4 13. Nd5 Nce5 14. Qd2 Nxf3+ 15.
Bxf3 Ne5 16. Be2 Nc4 17. Bxc4 Rxc4 18. Qe2 Bb5 19. Re1 e6 20. Ne3 Rxe4 21. Qf3
exf5 22. g4 Bd4 23. gxf5 Qg5+ 24. Kh1 Bc6 25. Rg1 Rxe3 26. Qxc6 Qxg1+ 27. Kxg1
bxc6 28. Bxe3 Bxe3+ 29. Kg2 g5 30. Kf3 Bf4 31. h4 h6 32. Kg4 f6 33. Re1 Be5 34.
b3 Rb8 35. a4 Rb4+ 36. Kh5 Kg7 37. hxg5 fxg5 38. Rh1 Rf4 39. Rh3 Rxf5 40. c4 a5
41. Re3 Rf4 42. Rh3 d5 43. b4 d4 0-1

[Event "Open Nord 2010/2011"]
[Site "Meyreuil"]
[Date "2011.02.12"]
[Round "8"]
[White "Thiers, Jean-Jacques"]
[Black "Arthaud, Geoffrey"]
[Result "0-1"]
[WhiteElo "1720"]
[BlackElo "1499"]
[PlyCount "120"]
[EventDate "2011.??.??"]

1. e4 c5 2. Nf3 g6 3. c3 Bg7 4. d4 cxd4 5. Nxd4 Nc6 6. Be3 Nf6 7. Nd2 d6 8. Be2
O-O 9. O-O Bd7 10. f4 Nxd4 11. Bxd4 Bc6 12. Bf3 e6 13. Re1 Ne8 14. Nf1 Qd7 15.
Ng3 f5 16. exf5 exf5 17. Bxg7 Nxg7 18. Bd5+ Kh8 19. Nf1 Rae8 20. Qd4 Bxd5 21.
Qxd5 Qc6 22. Qd4 Qc5 23. Red1 Re2 24. b4 Qxd4+ 25. Rxd4 Ne6 26. Rxd6 Nxf4 27.
Rd2 Rfe8 28. Rad1 Nxg2 29. a4 Nh4 30. Rxe2 Rxe2 31. Rd3 f4 32. Nd2 g5 33. Nf3
Nxf3+ 34. Rxf3 Kg7 35. h4 h6 36. hxg5 hxg5 37. Rd3 Kf6 38. a5 a6 39. Rd7 Re7
40. Rd4 Kf5 41. Kf2 g4 42. c4 Re4 43. Rd5+ Ke6 44. Rc5 Rd4 45. b5 axb5 46. Rxb5
Rxc4 47. Rxb7 Rc2+ 48. Kf1 Ra2 49. Rb5 g3 50. Rb6+ Kf5 51. a6 f3 52. Rb5+ Ke4
53. Rb4+ Kd3 54. Rb3+ Ke4 55. Rb4+ Kd5 56. Rb5+ Kc4 57. Rb1 Rxa6 58. Rc1+ Kd3
59. Rd1+ Kc2 60. Rd2+ Kxd2 0-1

[Event "Open Nord 2010/2011"]
[Site "Meyreuil"]
[Date "2011.03.26"]
[Round "9"]
[White "Schiano-Lomoriello, Didier"]
[Black "Navarro, Bertrand"]
[Result "1/2-1/2"]
[WhiteElo "1500"]
[BlackElo "1677"]
[PlyCount "51"]
[EventDate "2011.??.??"]

1. e4 c5 2. Nf3 a6 3. d4 cxd4 4. Nxd4 Nf6 5. Nc3 e5 6. Nb3 Bb4 7. Qd3 O-O 8.
Bg5 Qc7 9. Bd2 b6 10. O-O-O Bb7 11. f3 Rc8 12. a3 Be7 13. Kb1 d6 14. Bg5 Nbd7
15. Rc1 h6 16. Bh4 b5 17. Bf2 Nb6 18. Na5 Na4 19. Nxa4 bxa4 20. Nc4 Rab8 21.
Nb6 Rd8 22. Nxa4 Qc6 23. Qc4 d5 24. exd5 Nxd5 25. Qxc6 Bxc6 26. Nc5 1/2-1/2

[Event "Open Nord 2010/2011"]
[Site "Meyreuil"]
[Date "2011.03.26"]
[Round "9"]
[White "Arthaud, Geoffrey"]
[Black "Beraud, Robert"]
[Result "0-1"]
[WhiteElo "1499"]
[BlackElo "1750"]
[PlyCount "78"]
[EventDate "2011.??.??"]

1. d4 Nf6 2. c4 g6 3. Nc3 Bg7 4. e4 d6 5. Nf3 O-O 6. Be2 e5 7. O-O Nc6 8. d5
Ne7 9. b4 Nh5 10. Re1 f5 11. Ng5 Nf6 12. Bf3 c6 13. Ne6 Bxe6 14. dxe6 Ne8 15.
exf5 e4 16. fxg6 Bxc3 17. gxh7+ Kh8 18. Qc2 Bxa1 19. Bb2+ Bxb2 20. Qxb2+ Ng7
21. Rxe4 Rf5 22. Bg4 Qf8 23. Bxf5 Qxf5 24. f3 Rf8 25. Qd4 d5 26. cxd5 Qxd5 27.
Qc3 Kxh7 28. Qc2 Qf5 29. Qc4 Qd5 30. Rh4+ Kg8 31. Qg4 Qxe6 32. Qg3 Nef5 33. Qg4
Nxh4 34. Qxh4 Qxa2 35. Qe7 Qf7 36. Qg5 Qf6 37. Qd2 Rd8 38. Qa2+ Qe6 39. Qf2
Rd1+ 0-1

[Event "Open Nord 2010/2011"]
[Site "Meyreuil"]
[Date "2011.03.26"]
[Round "9"]
[White "Blondelon, Claude"]
[Black "Montanelli, Tristan"]
[Result "1-0"]
[WhiteElo "1500"]
[BlackElo "1645"]
[PlyCount "49"]
[EventDate "2011.??.??"]

1. d4 d5 2. c4 e6 3. Nc3 c5 4. cxd5 cxd4 5. Nb1 e5 6. Nf3 Qxd5 7. Qc2 Nf6 8.
Qxc8+ Ke7 9. Bd2 a5 10. Nxe5 Qxe5 11. Qxb7+ Nbd7 12. Qxa8 d3 13. Bc3 Qe6 14.
Nd2 g6 15. e3 Bg7 16. Qxa5 Rb8 17. Bxd3 Qg4 18. O-O Qh4 19. Nf3 Qh6 20. Rad1
Rc8 21. Qg5 Nc5 22. Qxh6 Bxh6 23. Bb4 Ke8 24. Rc1 Kd8 25. Bxc5 1-0

[Event "Open Nord 2010/2011"]
[Site "Meyreuil"]
[Date "2011.03.26"]
[Round "9"]
[White "Joubert, Leo"]
[Black "Lucas, Jacques"]
[Result "1-0"]
[WhiteElo "1769"]
[BlackElo "1410"]
[PlyCount "77"]
[EventDate "2011.??.??"]

1. c4 Nf6 2. Nc3 e6 3. e4 Nc6 4. d4 d5 5. cxd5 exd5 6. e5 Ne4 7. Nf3 h6 8. Bb5
Bb4 9. Bxc6+ bxc6 10. O-O Nxc3 11. bxc3 Bxc3 12. Rb1 Ba5 13. Qa4 Bb6 14. Qxc6+
Bd7 15. Qxd5 O-O 16. Ba3 Re8 17. Qc4 Be6 18. Qc2 Bd5 19. Bc5 Bxf3 20. gxf3 Rc8
21. f4 Qh4 22. Qd2 Qg4+ 23. Kh1 Re6 24. Qe3 Qf5 25. Bxb6 cxb6 26. d5 Rg6 27.
Rbc1 Rc5 28. Rxc5 bxc5 29. Rg1 Rxg1+ 30. Kxg1 c4 31. d6 a5 32. e6 Qg4+ 33. Kf1
Qd1+ 34. Qe1 Qxd6 35. e7 Qd3+ 36. Kg1 Qg6+ 37. Kh1 Qc6+ 38. Kg1 Qe8 39. Qe5 1-0

[Event "Open Nord 2010/2011"]
[Site "Meyreuil"]
[Date "2011.03.26"]
[Round "9"]
[White "Thiers, Jean-Jacques"]
[Black "Mengus, Michel"]
[Result "1-0"]
[WhiteElo "1720"]
[BlackElo "1730"]
[PlyCount "87"]
[EventDate "2011.??.??"]

1. e4 e5 2. Nf3 d6 3. Bc4 Be7 4. c3 Nf6 5. d3 O-O 6. O-O Nbd7 7. Nbd2 c6 8. Re1
d5 9. exd5 cxd5 10. Bb3 Bd6 11. Bc2 Re8 12. Nf1 b6 13. Ng3 Bb7 14. Ba4 h6 15.
Be3 Rc8 16. Rc1 Bc5 17. Bxc5 bxc5 18. b4 Re6 19. a3 c4 20. dxc4 Rxc4 21. Bb3
Rc7 22. Nf5 Rec6 23. Nxe5 Nxe5 24. Rxe5 Rxc3 25. Rxc3 Rxc3 26. h3 h5 27. Ne7+
Kf8 28. Bxd5 Qd6 29. Qe1 Bxd5 30. Qxc3 Be6 31. Nc6 Kg8 32. Re1 Nd5 33. Qc1 Nf4
34. Re3 Nd5 35. Rd3 Kh8 36. Qc5 Qf4 37. Rd4 Qf6 38. Rxd5 Qa1+ 39. Kh2 Bxd5 40.
Qxd5 Qxa3 41. Qxh5+ Kg8 42. Qa5 Qc3 43. Qc5 Qf6 44. Nxa7 1-0